LDR 00963naa#a2200181#i#450# 001 RU\\bibl\122440 005 20260701042540.3 011 ## _a2686-9896 100 ## _a20260515b2026####ek#y0rusy0150####ca 102 ## _aRU 200 1# _aКОРРОЗИОННАЯ СТОЙКОСТЬ НИКЕЛЕВЫХ ПОКРЫТИЙ В ХЛОРИДНЫХ И СУЛЬФАТНЫХ СРЕДАХ _eЖурнальная статья 210 1# _aАнгарск _cФГБОУ ВО "Ангарский государственный технический университет" _d2026 215 ## _a1 с. 608 ## _aЖурнальная статья _2local 675 ## _aОбщее машиностроение. Ядерная техника. Электротехника. Технология машиностроения в целом. 621 _z 700 #1 _aМаклакова _gМарина Владиславовна 700 #1 _aИстомина _gАлена Андреевна 856 4# _aangtu.editorum.ru _u